[Event "Bayern-chTT (RL Nord-West)"]
[Site "Bayern 2008/09"]
[Date "2009.02.01"]
[Round "6.5"]
[White "Schmitt, Dieter(54)"]
[Black "Bucka, Reinhard"]
[Result "1/2-1/2"]
[WhiteElo "1950"]
[BlackElo "1971"]
[PlyCount "81"]
[EventDate "2009.03.??"]
[EventType "team-tourn"]
[EventRounds "9"]
[WhiteTeam "Obernau 1"]
[BlackTeam "Bamberg-SC 2"]

1. c4 c5 2. b3 Nf6 3. Bb2 g6 4. g3 Bg7 5. Bg2 O-O 6. e3 d5 7. cxd5 Nxd5 8. Bxg7
Kxg7 9. Ne2 Nc6 10. O-O e5 11. Qc2 b6 12. a3 Bb7 13. Nbc3 Nde7 14. Rad1 Qd7 15.
d4 exd4 16. exd4 cxd4 17. Nxd4 Nxd4 18. Bxb7 Qxb7 19. Rxd4 Rfd8 20. Rfd1 Rxd4
21. Rxd4 Rc8 22. Qd2 Qc6 23. Rc4 Qe6 24. Qd4+ f6 25. Rxc8 Qxc8 26. Ne4 Qc1+ 27.
Kg2 Qc6 28. f3 Nf5 29. Qc3 Qxc3 30. Nxc3 Nd4 31. b4 Nc2 32. Nb1 Kf7 33. Kf2 Ke6
34. Ke2 Nd4+ 35. Ke3 Kd5 36. f4 Kc4 37. Nd2+ Kd5 38. Kd3 f5 39. h3 b5 40. Nf1
Ne6 41. Ne3+ 1/2-1/2

[Event "Bayern-chTT (RL Nord-West)"]
[Site "Bayern 2008/09"]
[Date "2009.02.01"]
[Round "6.6"]
[White "Weinberg, Wladimir"]
[Black "Frankenberger, Ralf"]
[Result "1/2-1/2"]
[WhiteElo "1923"]
[BlackElo "1913"]
[PlyCount "32"]
[EventDate "2009.03.??"]
[EventType "team-tourn"]
[EventRounds "9"]
[WhiteTeam "Bamberg-SC 2"]
[BlackTeam "Obernau 1"]

1. Nf3 f5 2. g3 Nf6 3. Bg2 g6 4. d4 Bg7 5. Nc3 d6 6. Ng5 h6 7. Nh3 O-O 8. O-O
c6 9. Nf4 Qe8 10. e4 g5 11. Nd3 fxe4 12. Nxe4 Nxe4 13. Bxe4 Bxd4 14. c3 Bf6 15.
f4 d5 16. Bf3 Qg6 1/2-1/2

[Event "Bayern-chTT (RL Nord-West)"]
[Site "Bayern 2008/09"]
[Date "2009.02.01"]
[Round "6.7"]
[White "Thomele, Michael"]
[Black "Stich, Christopher"]
[Result "1/2-1/2"]
[WhiteElo "1890"]
[BlackElo "1951"]
[PlyCount "40"]
[EventDate "2009.03.??"]
[EventType "team-tourn"]
[EventRounds "9"]
[WhiteTeam "Obernau 1"]
[BlackTeam "Bamberg-SC 2"]

1. e4 g6 2. d4 Bg7 3. Nc3 d6 4. Be3 Nf6 5. f3 O-O 6. Qd2 c6 7. h4 Re8 8. Nge2
b5 9. Bh6 Bh8 10. Ng3 b4 11. Nce2 c5 12. h5 e5 13. hxg6 fxg6 14. d5 a5 15. Bg5
Qc7 16. c4 Nbd7 17. a4 Rb8 18. b3 Nf8 19. Nc1 Qf7 20. Bd3 Bg7 1/2-1/2

[Event "Bayern-chTT (RL Nord-West)"]
[Site "Bayern 2008/09"]
[Date "2009.02.01"]
[Round "6.8"]
[White "Ortlauf, Erwin"]
[Black "Elter, Thimo"]
[Result "1/2-1/2"]
[WhiteElo "1910"]
[BlackElo "1712"]
[PlyCount "111"]
[EventDate "2009.03.??"]
[EventType "team-tourn"]
[EventRounds "9"]
[WhiteTeam "Bamberg-SC 2"]
[BlackTeam "Obernau 1"]

1. d4 f5 2. e4 fxe4 3. Nc3 Nf6 4. Bg5 g6 5. Bxf6 exf6 6. Nxe4 d5 7. Ng3 Bg7 8.
Bd3 Nc6 9. c3 Bd7 10. Qb3 Bc8 11. O-O-O O-O 12. Re1 Qd6 13. h4 Ne7 14. h5 Kf7
15. Nf3 b6 16. Qc2 c5 17. Nh4 f5 18. hxg6+ hxg6 19. Nf3 cxd4 20. Nxd4 Bxd4 21.
cxd4 Be6 22. Qe2 Rh8 23. Kb1 Rxh1 24. Rxh1 Qf4 25. Re1 Qd6 26. Ba6 Nc6 27. Qd2
Qb4 28. Qxb4 Nxb4 29. Bb5 a6 30. Bf1 Nc6 31. Ne2 b5 32. Rc1 Rc8 33. g3 g5 34.
Bg2 Kf6 35. Rc5 Nb4 36. Rxc8 Bxc8 37. Nc3 Bb7 38. a3 Nd3 39. Bxd5 Bxd5 40.
Nxd5+ Ke6 41. Nc7+ Kd6 42. Nxa6 Nxf2 43. Nc5 Kd5 44. Kc2 Nh1 45. g4 fxg4 46.
Nd3 g3 47. Ne1 Nf2 48. b3 g4 49. a4 bxa4 50. bxa4 Kxd4 51. Kd2 Ne4+ 52. Ke2
Nc3+ 53. Kf1 Nxa4 54. Kg2 Ke4 55. Kxg3 Kf5 56. Ng2 1/2-1/2

[Event "Bayern-chTT (RL Nord-West)"]
[Site "Bayern 2008/09"]
[Date "2009.02.01"]
[Round "6.2"]
[White "Kuhn, Norbert"]
[Black "Stauch, Edgar"]
[Result "1-0"]
[WhiteElo "2083"]
[BlackElo "2090"]
[PlyCount "105"]
[EventDate "2009.03.??"]
[EventType "team-tourn"]
[EventRounds "9"]
[WhiteTeam "Würzburg 2"]
[BlackTeam "Kronach 1"]

1. e4 Nf6 2. Nc3 d5 3. e5 d4 4. exf6 dxc3 5. fxg7 cxd2+ 6. Qxd2 Qxd2+ 7. Bxd2
Bxg7 8. O-O-O Nc6 9. Bb5 Bd7 10. Ne2 O-O-O 11. Bc3 Rhg8 12. Bxg7 Rxg7 13. g3 e5
14. Rhe1 a6 15. Ba4 b5 16. Bb3 Bg4 17. Rxd8+ Kxd8 18. Bd5 Nb4 19. Nc3 f6 20.
Bg2 Bd7 21. a3 Nc6 22. Ne4 Ke7 23. Nc5 Nb8 24. f4 Kd6 25. Ne4+ Ke7 26. Nc5 Kd6
27. b4 c6 28. fxe5+ fxe5 29. Rf1 Ke7 30. Nxd7 Kxd7 31. Bh3+ Kc7 32. Kd2 Nd7 33.
Bxd7 Rxd7+ 34. Ke3 Kb6 35. Rf5 Rd1 36. Rxe5 Re1+ 37. Kd4 Rh1 38. Rh5 Ra1 39.
Rxh7 Rxa3 40. g4 Ra4 41. Kc3 a5 42. bxa5+ Rxa5 43. h4 Ra3+ 44. Kb2 Rg3 45. Rg7
Rh3 46. h5 b4 47. Rg6 Kb5 48. h6 c5 49. g5 c4 50. Rg8 Rh2 51. Rb8+ Kc5 52. g6
b3 53. g7 1-0

[Event "Bayern-chTT (RL Nord-West)"]
[Site "Bayern 2008/09"]
[Date "2009.02.01"]
[Round "6.3"]
[White "Herdin, Hans-Ulrich"]
[Black "Gehlert, Klaus"]
[Result "1-0"]
[WhiteElo "2050"]
[BlackElo "2069"]
[PlyCount "105"]
[EventDate "2009.03.??"]
[EventType "team-tourn"]
[EventRounds "9"]
[WhiteTeam "Kronach 1"]
[BlackTeam "Würzburg 2"]

1. e4 e6 2. d4 d5 3. exd5 exd5 4. Bd3 Nf6 5. Ne2 Bg4 6. O-O Bd6 7. Nbc3 c6 8.
f3 Bh5 9. Re1 O-O 10. Bf4 Bg6 11. Qd2 Bxd3 12. Qxd3 Bxf4 13. Nxf4 Qd6 14. Qd2
Nbd7 15. Nce2 Rfe8 16. Nd3 Nf8 17. Ng3 N6d7 18. Qg5 Ne6 19. Qe3 g6 20. c3 f6
21. Qh6 Qf8 22. Qd2 Qd6 23. Re2 Re7 24. Rae1 Rae8 25. Kf2 Ng5 26. Rxe7 Rxe7 27.
Rxe7 Qxe7 28. Qf4 Ne6 29. Qe3 Qd6 30. h4 Kg7 31. h5 Nb6 32. hxg6 hxg6 33. Nc5
Ng5 34. Nxb7 Qc7 35. Nc5 Nc4 36. Qe2 Kf7 37. b3 Nd6 38. Qe3 Qc8 39. Qd2 Nf5 40.
Ne2 Qc7 41. Qf4 Qc8 42. Ng3 Nxg3 43. Kxg3 Qd8 44. Kf2 Qa5 45. Nd7 Qxc3 46.
Qxf6+ Ke8 47. Nc5 Qc2+ 48. Kg3 Nf7 49. Qxc6+ Ke7 50. Qd7+ Kf6 51. Qc6+ Ke7 52.
Qc7+ Ke8 53. Qd7+ 1-0

[Event "Bayern-chTT (RL Nord-West)"]
[Site "Bayern 2008/09"]
[Date "2009.02.01"]
[Round "6.4"]
[White "Vogt, Thomas(67)"]
[Black "Lechleitner, Walter"]
[Result "1-0"]
[WhiteElo "1895"]
[BlackElo "2002"]
[PlyCount "49"]
[EventDate "2009.03.??"]
[EventType "team-tourn"]
[EventRounds "9"]
[WhiteTeam "Würzburg 2"]
[BlackTeam "Kronach 1"]

1. e4 e6 2. d4 d5 3. Nc3 Nf6 4. Bg5 Bb4 5. exd5 Qxd5 6. Bxf6 gxf6 7. Nge2 Bd7
8. a3 Bxc3+ 9. Nxc3 Qa5 10. Qf3 Ke7 11. O-O-O Qg5+ 12. Kb1 c6 13. Ne4 Qh4 14.
g3 Qh6 15. g4 Rd8 16. h4 Bc8 17. a4 Qg7 18. Be2 b6 19. Qa3+ Ke8 20. g5 fxg5 21.
hxg5 Kd7 22. Rxh7 Qf8 23. g6 Qxa3 24. bxa3 Ke7 25. Rxf7+ 1-0

[Event "Bayern-chTT (RL Nord-West)"]
[Site "Bayern 2008/09"]
[Date "2009.02.01"]
[Round "6.5"]
[White "Becker, Alexander(63)"]
[Black "Ersoez, Can"]
[Result "1-0"]
[WhiteElo "1992"]
[BlackElo "1883"]
[PlyCount "51"]
[EventDate "2009.03.??"]
[EventType "team-tourn"]
[EventRounds "9"]
[WhiteTeam "Kronach 1"]
[BlackTeam "Würzburg 2"]

1. Nf3 d6 2. g3 g6 3. Bg2 Bg7 4. c4 e5 5. Nc3 Nc6 6. d3 f5 7. Rb1 a5 8. a3 Nf6
9. O-O O-O 10. b4 axb4 11. axb4 h6 12. b5 Ne7 13. Bb2 Be6 14. Ra1 Rxa1 15. Qxa1
b6 16. Nd2 g5 17. Qa7 Qd7 18. Ra1 f4 19. Qb7 Rf7 20. Ra7 Ng6 21. Bc6 Qe7 22.
Nde4 fxg3 23. hxg3 Kh7 24. Ra8 Nxe4 25. Nxe4 h5 26. Re8 1-0

[Event "Bayern-chTT (RL Nord-West)"]
[Site "Bayern 2008/09"]
[Date "2009.02.01"]
[Round "6.6"]
[White "Posske, Thore"]
[Black "Hoermann, Fabian"]
[Result "0-1"]
[WhiteElo "1939"]
[BlackElo "1902"]
[PlyCount "124"]
[EventDate "2009.03.??"]
[EventType "team-tourn"]
[EventRounds "9"]
[WhiteTeam "Würzburg 2"]
[BlackTeam "Kronach 1"]

1. d4 Nf6 2. Nf3 g6 3. g3 Bg7 4. Bg2 O-O 5. O-O d6 6. Nbd2 Nc6 7. Nc4 Bd7 8. a4
e6 9. Bg5 h6 10. Bc1 Ne4 11. c3 f5 12. Qb3 Rb8 13. Nfd2 d5 14. Ne5 Nxe5 15.
Nxe4 dxe4 16. dxe5 Qe7 17. Be3 b6 18. Qc4 c5 19. f3 exf3 20. exf3 Bc6 21. Rfd1
Bd5 22. Rxd5 exd5 23. Qxd5+ Kh7 24. f4 Rbd8 25. Qc4 Qd7 26. Kf2 Rfe8 27. Bf3
Qe6 28. Qxe6 Rxe6 29. c4 Rd3 30. Bd5 Re7 31. Bc1 Rb3 32. h4 g5 33. hxg5 hxg5
34. Ra2 gxf4 35. gxf4 Bh6 36. Be3 a5 37. Bc1 Kg6 38. Ra3 Rxa3 39. bxa3 Rh7 40.
Be3 Bf8 41. Kg3 Be7 42. Bd2 Bh4+ 43. Kg2 Be7 44. Kg3 Rh4 45. Bf3 Kf7 46. Bd5+
Kg6 47. Bf3 Bd8 48. Bc3 Rh7 49. Bd2 Rd7 50. Bd5 Rh7 51. Bf3 Bh4+ 52. Kg2 Kf7
53. Bd5+ Ke7 54. Kf1 Bg3 55. Kg2 Rh2+ 56. Kxg3 Rxd2 57. Kh4 Rxd5 58. cxd5 c4
59. Kg5 c3 60. Kxf5 c2 61. d6+ Ke8 62. Kf6 c1=Q 0-1

[Event "Bayern-chTT (RL Nord-West)"]
[Site "Bayern 2008/09"]
[Date "2009.02.01"]
[Round "6.7"]
[White "Horther, Heinrich"]
[Black "Kinkelin, Ulrich"]
[Result "0-1"]
[WhiteElo "1991"]
[BlackElo "1899"]
[PlyCount "44"]
[EventDate "2009.03.??"]
[EventType "team-tourn"]
[EventRounds "9"]
[WhiteTeam "Kronach 1"]
[BlackTeam "Würzburg 2"]

1. e4 d5 2. exd5 Nf6 3. d4 Bg4 4. Nf3 Qxd5 5. Be2 Nc6 6. O-O O-O-O 7. Be3 Qf5
8. h3 Bxf3 9. Bxf3 Nxd4 10. Bxd4 e5 11. c3 exd4 12. Qb3 c6 13. Rd1 Bc5 14. Nd2
h5 15. Rac1 dxc3 16. Qxc3 Bxf2+ 17. Kh1 Qd3 18. Qa5 Bb6 19. Qa4 Ng4 20. Bxg4+
hxg4 21. Qxg4+ f5 22. Qa4 Rxh3+ 0-1

[Event "Bayern-chTT (RL Nord-West)"]
[Site "Bayern 2008/09"]
[Date "2009.02.01"]
[Round "6.8"]
[White "Bachmann, Wolfgang"]
[Black "Schmierer, Hans-Joachim"]
[Result "1-0"]
[WhiteElo "1903"]
[BlackElo "1819"]
[PlyCount "129"]
[EventDate "2009.03.??"]
[EventType "team-tourn"]
[EventRounds "9"]
[WhiteTeam "Würzburg 2"]
[BlackTeam "Kronach 1"]

1. d4 Nf6 2. Nf3 g6 3. c3 Bg7 4. Bg5 d6 5. Nbd2 O-O 6. e4 h6 7. Bh4 c5 8. dxc5
dxc5 9. Bc4 Nc6 10. O-O Nd7 11. Qc2 Nde5 12. Be2 Bd7 13. Rad1 Nxf3+ 14. Nxf3
Qc7 15. Rd2 Rad8 16. Rfd1 Be6 17. Qa4 a6 18. h3 Rxd2 19. Rxd2 Rd8 20. Rxd8+
Nxd8 21. Bg3 Qd7 22. Qxd7 Bxd7 23. Ne5 Be8 24. f3 Bf8 25. Nd3 Bb5 26. Kf1 e6
27. Bf2 Bxd3 28. Bxd3 Bd6 29. Be3 g5 30. h4 f6 31. hxg5 hxg5 32. e5 Bxe5 33.
Bxc5 Kf7 34. Bb6 Nc6 35. Be4 f5 36. Bxc6 bxc6 37. Ke2 Ke7 38. Kd3 Kd7 39. Kc4
Bg3 40. Be3 g4 41. fxg4 fxg4 42. Kd4 Bd6 43. Ke4 Bf8 44. Bf4 Ke7 45. Bg5+ Kd6
46. Kf4 Kd5 47. Kxg4 Ke4 48. Bf6 Bd6 49. b4 Kd3 50. Kf3 e5 51. g4 e4+ 52. Kg2
e3 53. Bh4 e2 54. Kf3 Kd2 55. a4 Be7 56. Bg3 Bg5 57. c4 e1=Q 58. Bxe1+ Kxe1 59.
b5 cxb5 60. cxb5 axb5 61. axb5 Bd8 62. Kf4 Kd2 63. g5 Kc3 64. g6 Kc4 65. g7 1-0

[Event "Bayern-chTT (RL Nord-West)"]
[Site "Bayern 2008/09"]
[Date "2009.02.01"]
[Round "6.1"]
[White "Wunder, Horst"]
[Black "Englert, Fabian"]
[Result "1/2-1/2"]
[WhiteElo "2134"]
[BlackElo "2174"]
[PlyCount "77"]
[EventDate "2009.03.??"]
[EventType "team-tourn"]
[EventRounds "9"]
[WhiteTeam "Nordhalben 1"]
[BlackTeam "Klingenberg 1"]

1. Nf3 g6 2. g3 Bg7 3. d4 c5 4. Bg2 cxd4 5. Nxd4 Nc6 6. Nxc6 bxc6 7. O-O Nf6 8.
c4 O-O 9. Nc3 Bb7 10. Qa4 Qc8 11. Rd1 c5 12. e4 Ng4 13. h3 Ne5 14. Nd5 Bxd5 15.
exd5 Rb8 16. a3 d6 17. f4 Nd7 18. Qc2 Qb7 19. Rb1 Qb3 20. Qd3 Qxd3 21. Rxd3 Nb6
22. b4 Nxc4 23. b5 Rb7 24. Bf1 Rfb8 25. a4 a6 26. Rdb3 Na5 27. Ra3 c4 28. Bd2
axb5 29. Bxa5 b4 30. Rf3 c3 31. Bb5 c2 32. Rc1 Rxb5 33. axb5 Rxb5 34. Bxb4 Rxb4
35. Rxc2 f5 36. Rd3 Kf7 37. Kg2 Bf6 38. Kf3 h5 39. Rc7 1/2-1/2

[Event "Bayern-chTT (RL Nord-West)"]
[Site "Bayern 2008/09"]
[Date "2009.02.01"]
[Round "6.2"]
[White "Kraich, Klaus"]
[Black "Wunder, Stefan(58)"]
[Result "1-0"]
[WhiteElo "2100"]
[BlackElo "2033"]
[PlyCount "105"]
[EventDate "2009.03.??"]
[EventType "team-tourn"]
[EventRounds "9"]
[WhiteTeam "Klingenberg 1"]
[BlackTeam "Nordhalben 1"]

1. e4 g6 2. d4 Bg7 3. Nc3 d5 4. e5 c5 5. f4 cxd4 6. Qxd4 e6 7. Nf3 Nh6 8. Qc5
Bf8 9. Qf2 Be7 10. Bd3 Nc6 11. a3 Bd7 12. Bd2 f6 13. O-O-O Nf7 14. Rde1 O-O 15.
Qg3 Nh8 16. h4 f5 17. h5 Qe8 18. Qh3 gxh5 19. Nxd5 Qg6 20. Nxe7+ Nxe7 21. Bb4
Rf7 22. Qh4 Nd5 23. Ng5 Rg7 24. Bd2 h6 25. Nf3 Rc8 26. Kb1 Nf7 27. Nd4 Nd8 28.
Re2 Be8 29. Nb5 Bxb5 30. Bxb5 a6 31. Bd3 Qg4 32. Qxh5 Nf7 33. Qh4 b5 34. Qf2
Qg3 35. Qd4 Qg6 36. Rh4 h5 37. a4 Nd8 38. axb5 axb5 39. Bxb5 Rb8 40. c4 Rgb7
41. Be1 Nc7 42. Rh3 Nxb5 43. cxb5 Qe8 44. Rg3+ Kh7 45. Qd1 Rg7 46. Rxg7+ Kxg7
47. Bh4 Qxb5 48. Rd2 Nf7 49. Qxh5 Qf1+ 50. Qd1 Qxf4 51. Bf6+ Kg6 52. Rd4 Qf2
53. Rg4+ 1-0

[Event "Bayern-chTT (RL Nord-West)"]
[Site "Bayern 2008/09"]
[Date "2009.02.01"]
[Round "6.3"]
[White "Hild, Detlef"]
[Black "Kuhn, Tobias(85)"]
[Result "0-1"]
[WhiteElo "2050"]
[BlackElo "2053"]
[PlyCount "92"]
[EventDate "2009.03.??"]
[EventType "team-tourn"]
[EventRounds "9"]
[WhiteTeam "Nordhalben 1"]
[BlackTeam "Klingenberg 1"]

1. Nf3 d5 2. g3 Nf6 3. Bg2 c6 4. b3 Bg4 5. Bb2 Nbd7 6. d3 e6 7. Nbd2 Bd6 8. c4
O-O 9. O-O e5 10. h3 Bh5 11. Nh4 Re8 12. Nf5 Bf8 13. cxd5 cxd5 14. Nf3 Qb6 15.
Qd2 Bxf3 16. Bxf3 Rac8 17. Rfc1 Kh8 18. g4 Qe6 19. Qa5 Bc5 20. Qb5 a6 21. Qxb7
Rc6 22. b4 Rb8 23. Qxb8+ Nxb8 24. bxc5 Nbd7 25. Ba3 g6 26. Ne3 h6 27. Rab1 Rc7
28. Rc2 Kh7 29. Bg2 Qc6 30. Rcb2 Qa4 31. Bb4 a5 32. c6 axb4 33. cxd7 Rxd7 34.
Nc2 g5 35. Nxb4 Kg6 36. Nc2 h5 37. Ne3 hxg4 38. hxg4 Qf4 39. Bf3 e4 40. dxe4
dxe4 41. Rb4 Qc7 42. Bxe4+ Nxe4 43. Rxe4 f6 44. Re6 Rh7 45. Rxf6+ Kg7 46. Rfb6
Qh2+ 0-1

[Event "Bayern-chTT (RL Nord-West)"]
[Site "Bayern 2008/09"]
[Date "2009.02.01"]
[Round "6.4"]
[White "Wambach, Juergen"]
[Black "Scherbel, Hans"]
[Result "1/2-1/2"]
[WhiteElo "1975"]
[BlackElo "2023"]
[PlyCount "135"]
[EventDate "2009.03.??"]
[EventType "team-tourn"]
[EventRounds "9"]
[WhiteTeam "Klingenberg 1"]
[BlackTeam "Nordhalben 1"]

1. e4 e6 2. d3 d5 3. Nd2 Nf6 4. g3 dxe4 5. dxe4 Bc5 6. Bg2 O-O 7. Ngf3 Nc6 8.
O-O e5 9. c3 a5 10. Qc2 Bg4 11. Nc4 Qe7 12. Ne3 Rad8 13. Nxg4 Nxg4 14. Nh4 g6
15. h3 Nf6 16. Bg5 Kg7 17. Rae1 h6 18. Bd2 Rd7 19. Qc1 Ng8 20. Nf3 Rfd8 21. Re2
Rd6 22. Nh2 Qd7 23. Rd1 Kh7 24. Nf1 Rd3 25. Rde1 a4 26. Be3 Bxe3 27. Nxe3 Rd2
28. Nd5 Rxe2 29. Rxe2 Na5 30. Qe3 b6 31. f4 Nc4 32. Qd3 b5 33. Qf3 c6 34. Nb4
Kg7 35. Kh2 Qd6 36. Rf2 Nd2 37. Qe3 Nc4 38. Qf3 Nd2 39. Qd1 exf4 40. gxf4 Nxe4
41. Qxd6 Nxd6 42. Nxc6 Rc8 43. Nd4 Rc5 44. Re2 a3 45. Bc6 axb2 46. Rxb2 Rxc3
47. Bxb5 Ra3 48. Bf1 Ra4 49. Nb5 Ne4 50. a3 Ngf6 51. Bg2 Nc5 52. f5 gxf5 53.
Ra2 Nfe4 54. Bf1 Kf6 55. Rc2 Ke5 56. Kg2 f4 57. Be2 f5 58. Bd1 Ra5 59. Rb2 Nd3
60. Rb3 Nec5 61. Rb1 Ra8 62. Kf1 Ra6 63. Ra1 Ke4 64. a4 f3 65. a5 Ke3 66. Nc7
Ra7 67. Nd5+ Kd4 68. Bxf3 1/2-1/2

[Event "Bayern-chTT (RL Nord-West)"]
[Site "Bayern 2008/09"]
[Date "2009.02.01"]
[Round "6.5"]
[White "Zimmermann, Frank(61)"]
[Black "Suess, Mirco"]
[Result "1-0"]
[WhiteElo "1764"]
[BlackElo "1930"]
[PlyCount "93"]
[EventDate "2009.03.??"]
[EventType "team-tourn"]
[EventRounds "9"]
[WhiteTeam "Nordhalben 1"]
[BlackTeam "Klingenberg 1"]

1. c4 e5 2. Nc3 Nc6 3. g3 d6 4. Bg2 Be6 5. d3 Qd7 6. Qa4 Nd4 7. Qxd7+ Bxd7 8.
Rb1 c6 9. e3 Nc2+ 10. Kd2 Nb4 11. Nge2 Bf5 12. e4 Be6 13. a3 Na6 14. f4 g6 15.
Rf1 Ne7 16. b4 f5 17. Bb2 Bg7 18. Na4 O-O 19. exf5 Bxf5 20. Rbe1 Rad8 21. Bc3
d5 22. cxd5 Nxd5 23. Bxe5 Bxd3 24. Bxg7 Kxg7 25. Bxd5 Rxd5 26. Kc1 Rh5 27. h4
c5 28. Kd2 Rd8 29. Kc3 Bb5 30. Nb2 cxb4+ 31. axb4 Rc8+ 32. Kb3 Kf6 33. Rg1 Re8
34. Nd4 Rxe1 35. Rxe1 Bd7 36. Nf3 Rb5 37. Nd3 Bf5 38. Nfe5 Rd5 39. Kc4 Be6 40.
Kc3 Nc7 41. Ra1 Nb5+ 42. Kd2 a6 43. Ke3 Nd4 44. Rc1 Nf5+ 45. Kf2 a5 46. Rc7 Rb5
47. Ng4# 1-0

[Event "Bayern-chTT (RL Nord-West)"]
[Site "Bayern 2008/09"]
[Date "2009.02.01"]
[Round "6.6"]
[White "Zoeller, Bernd"]
[Black "Stumpf, Hilmar"]
[Result "1/2-1/2"]
[WhiteElo "1904"]
[BlackElo "1866"]
[PlyCount "101"]
[EventDate "2009.03.??"]
[EventType "team-tourn"]
[EventRounds "9"]
[WhiteTeam "Klingenberg 1"]
[BlackTeam "Nordhalben 1"]

1. e4 d6 2. d4 g6 3. Nc3 Bg7 4. Be3 Nf6 5. f3 O-O 6. Qd2 Re8 7. Bc4 c6 8. a4
Qa5 9. Nge2 Nbd7 10. Kf2 Nf8 11. g4 Be6 12. Bd3 Rad8 13. Rag1 Bc8 14. h4 e5 15.
h5 d5 16. dxe5 Rxe5 17. Nxd5 Nxg4+ 18. fxg4 Qxd2 19. Bxd2 cxd5 20. Bc3 Ree8 21.
hxg6 hxg6 22. exd5 Rxd5 23. Rh4 Nd7 24. Rgh1 Nf6 25. Bb5 Re7 26. Rh8+ Bxh8 27.
Rxh8+ Kxh8 28. Bxf6+ Kg8 29. Bxe7 Bxg4 30. Bd3 Kg7 31. Nc3 Rh5 32. Ne4 Be6 33.
Bf6+ Kh6 34. Be7 Kg7 35. Bf6+ Kh6 36. Be7 Kg7 37. Kg3 Rh3+ 38. Kf4 Rh5 39. Bf6+
Kf8 40. b3 Rf5+ 41. Kg3 Bd5 42. Bd4 a6 43. Kg4 Rh5 44. Bf6 Be6+ 45. Kf4 Rf5+
46. Kg3 Bd5 47. Bc3 Bc6 48. Kg4 Bd7 49. Kg3 Bc6 50. Kg4 Bd7 51. Kg3 1/2-1/2

[Event "Bayern-chTT (RL Nord-West)"]
[Site "Bayern 2008/09"]
[Date "2009.02.01"]
[Round "6.7"]
[White "Mueller, Sven(77)"]
[Black "Link, Klaus"]
[Result "1/2-1/2"]
[WhiteElo "1766"]
[BlackElo "1935"]
[PlyCount "101"]
[EventDate "2009.03.??"]
[EventType "team-tourn"]
[EventRounds "9"]
[WhiteTeam "Nordhalben 1"]
[BlackTeam "Klingenberg 1"]

1. d4 Nf6 2. Nf3 d5 3. Bf4 e6 4. c3 Be7 5. e3 Nbd7 6. Be2 b6 7. Nbd2 Bb7 8. h3
O-O 9. O-O c5 10. Qa4 c4 11. Ne5 Nxe5 12. Bxe5 a6 13. g4 Nd7 14. Bg3 b5 15. Qc2
a5 16. f4 Bh4 17. Kh2 Bxg3+ 18. Kxg3 f5 19. Nf3 h6 20. Ne5 Nxe5 21. fxe5 Qg5
22. Rf4 Bc6 23. Rg1 fxg4 24. hxg4 g6 25. Bd1 Kg7 26. Rgf1 Rxf4 27. Rxf4 Rf8 28.
Qf2 Rxf4 29. Qxf4 Qe7 30. Bc2 g5 31. Qf2 b4 32. Bb1 Be8 33. Qc2 Kg8 34. Qf2 Qg7
35. a3 b3 36. Qf1 Bg6 37. Bxg6 Qxg6 38. Qf3 a4 39. Kg2 Qc2+ 40. Kg3 Qg6 41. Kg2
Qe4 42. Kg3 Qb1 43. Qf2 Qh1 44. Qf3 Qh4+ 45. Kg2 Qe1 46. Kh3 Qg1 47. e4 dxe4
48. Qxe4 Qf1+ 49. Kg3 Qd3+ 50. Qf3 Kg7 51. Kf2 1/2-1/2

[Event "Bayern-chTT (RL Nord-West)"]
[Site "Bayern 2008/09"]
[Date "2009.02.01"]
[Round "6.8"]
[White "Goebel, Tobias(84)"]
[Black "Tesching, Juergen"]
[Result "1-0"]
[WhiteElo "1733"]
[BlackElo "1549"]
[PlyCount "111"]
[EventDate "2009.03.??"]
[EventType "team-tourn"]
[EventRounds "9"]
[WhiteTeam "Klingenberg 1"]
[BlackTeam "Nordhalben 1"]

1. e4 c5 2. c4 Nc6 3. Nc3 g6 4. d3 Bg7 5. Bf4 d6 6. Nf3 Bg4 7. h3 Bxf3 8. Qxf3
Nd4 9. Qd1 Nf6 10. g3 Nd7 11. Bg2 O-O 12. O-O Rb8 13. Be3 a6 14. Qd2 e6 15.
Rae1 Qa5 16. Bh6 b5 17. Bxg7 Kxg7 18. b3 Nc6 19. f4 Qc7 20. f5 b4 21. Nd1 e5
22. Ne3 Nf6 23. g4 Qd8 24. g5 Nh5 25. f6+ Kh8 26. Nd5 Qd7 27. Kh2 Nd4 28. Qd1
Ne6 29. Bf3 Nhf4 30. Bg4 Qd8 31. h4 a5 32. Bxe6 Nxe6 33. Rg1 Rb7 34. h5 Qd7 35.
hxg6 fxg6 36. Rg3 Rf7 37. Rh1 Kg8 38. Kg1 Nd4 39. Ne7+ Kf8 40. Nxg6+ Ke8 41.
Ne7 Qe6 42. Rgh3 Rbxe7 43. fxe7 Qxe7 44. Qg4 Kd8 45. Kg2 Rg7 46. Kf2 Kc7 47.
Rh6 Qxg5 48. Qxg5 Rxg5 49. Rxh7+ Kc6 50. Ra7 Kb6 51. Rhh7 Rg8 52. Rag7 Rf8+ 53.
Rf7 Rg8 54. Rf6 Kc6 55. Ra7 Kb6 56. Rd7 1-0

[Event "Bayern-chTT (RL Nord-West)"]
[Site "Bayern 2008/09"]
[Date "2009.03.01"]
[Round "7.1"]
[White "Kliche, Alexander"]
[Black "Wunder, Horst"]
[Result "1/2-1/2"]
[WhiteElo "2100"]
[BlackElo "2134"]
[PlyCount "90"]
[EventDate "2009.03.??"]
[EventType "team-tourn"]
[EventRounds "9"]
[WhiteTeam "Kitzingen 1"]
[BlackTeam "Nordhalben 1"]

1. e4 c5 2. Nf3 e6 3. Nc3 d6 4. g3 b6 5. Bg2 Bb7 6. O-O Nf6 7. Re1 Nbd7 8. b3
Be7 9. Bb2 O-O 10. d4 cxd4 11. Qxd4 Qc7 12. Nb5 Qb8 13. Rad1 Ne8 14. Ba3 Nc5
15. e5 dxe5 16. Qxe5 Qc8 17. Qe3 a6 18. Nbd4 Nf6 19. Nf5 Re8 20. Nxe7+ Rxe7 21.
c4 Rc7 22. Bb2 Ncd7 23. Bh3 Rc5 24. Rd6 Qf8 25. Red1 Nd5 26. R6xd5 exd5 27.
Bxd7 Rc7 28. Bf5 dxc4 29. Ng5 h6 30. Ne4 Rd8 31. Rxd8 Qxd8 32. Qc3 f6 33. Nd2
cxb3 34. Qxb3+ Kh8 35. Nf1 b5 36. Qe6 Bc8 37. Qe4 Re7 38. Qf3 Bb7 39. Qd3 Qc7
40. Ne3 Qc6 41. Kf1 Re8 42. h4 Qf3 43. Bxf6 Qh1+ 44. Ke2 Qf3+ 45. Kf1 Qh1+
1/2-1/2

[Event "Bayern-chTT (RL Nord-West)"]
[Site "Bayern 2008/09"]
[Date "2009.03.01"]
[Round "7.2"]
[White "Wunder, Stefan(58)"]
[Black "Kannenberg, Karl-Heinz"]
[Result "0-1"]
[WhiteElo "2034"]
[BlackElo "2132"]
[PlyCount "148"]
[EventDate "2009.03.??"]
[EventType "team-tourn"]
[EventRounds "9"]
[WhiteTeam "Nordhalben 1"]
[BlackTeam "Kitzingen 1"]

1. Nf3 d5 2. g3 Nf6 3. Bg2 Bf5 4. b3 e6 5. Bb2 Be7 6. O-O h6 7. d3 O-O 8. Nbd2
c5 9. c4 Nc6 10. a3 Qc7 11. Rc1 d4 12. b4 cxb4 13. axb4 e5 14. b5 Nb8 15. Nxe5
Qxe5 16. Bxb7 Nbd7 17. Bxa8 Rxa8 18. Nf3 Qc7 19. Bxd4 Bh3 20. Re1 Bb4 21. Bc3
Bxc3 22. Rxc3 Ne5 23. Nxe5 Qxe5 24. Qd2 Rd8 25. Ra3 Qc5 26. Rea1 Ng4 27. Qf4 g5
28. Qf3 Rd6 29. Ra6 Rxa6 30. bxa6 Qb6 31. e3 Qb2 32. Re1 Qc3 33. Rb1 Qc2 34.
Re1 Qc3 35. Rb1 Qxd3 36. Qd1 Qxc4 37. Rb8+ Kh7 38. Qb1+ Kg7 39. Qa1+ Kg6 40.
Qd1 Qc6 41. f3 Ne5 42. Rd8 Nxf3+ 43. Kf2 Nd2 44. Ke1 Qg2 45. Qe2 Nf3+ 46. Kd1
Qg1+ 47. Kc2 Bf5+ 48. Kb2 Qb1+ 49. Ka3 Qa1+ 50. Kb4 Ne5 51. Rd1 Nc6+ 52. Kb5
Qf6 53. g4 Be4 54. Qd2 Qe5+ 55. Ka4 Kh7 56. Rc1 Qe6 57. Qe2 Nb8 58. Qc4 Qd7+
59. Ka3 Qd6+ 60. Kb2 Qd2+ 61. Ka3 Qa5+ 62. Kb2 Qb6+ 63. Qb3 Nxa6 64. Rf1 Kg6
65. Qxb6+ axb6 66. Kc3 Nc7 67. Kd4 Bc6 68. Ke5 Ne6 69. Rb1 Bf3 70. Rb4 b5 71.
Kd6 Be2 72. Ke7 Bc4 73. e4 Nc5 74. e5 Nd3 0-1

[Event "Bayern-chTT (RL Nord-West)"]
[Site "Bayern 2008/09"]
[Date "2009.03.01"]
[Round "7.3"]
[White "Kunz, Konstantin"]
[Black "Hild, Detlef"]
[Result "1-0"]
[WhiteElo "2179"]
[BlackElo "2050"]
[PlyCount "29"]
[EventDate "2009.03.??"]
[EventType "team-tourn"]
[EventRounds "9"]
[WhiteTeam "Kitzingen 1"]
[BlackTeam "Nordhalben 1"]

1. d4 Nf6 2. c4 g6 3. Nc3 d5 4. Bf4 Bg7 5. e3 c5 6. dxc5 Qa5 7. Rc1 Be6 8. Nf3
dxc4 9. Ng5 Bd5 10. e4 Bxe4 11. Bxc4 O-O 12. O-O Bc6 13. Bxf7+ Rxf7 14. Qb3 Be8
15. Nxf7 1-0